000 00536nam a2200193 a 4500
005 20240323063648.0
008 991125c1995 e.u 000 0 spa u
035 _aUPN01000058156
049 _aI
050 4 _aPZ78
_bM6.88
100 1 _aMoncure, Jane Belk
_929341
245 1 0 _aValor /
_cil. por Helen Endres.
260 _aE.U.A. :
_bThe Child's World,
_c1995.
300 _a29 p. :
_bil., col.
440 0 _aValores para la vida
650 4 _aLibros y lectura para niños
_92290
650 2 _aValentía
_915855
905 _aInfantil
999 _c58156
_d58156